000 00696nam a2200277Ia 4500
005 20260320195836.0
008 008 262003s9999 xx 000 0 hin d
020 _a9789390971381
037 _aEBOOK
040 _aCRL
040 _bhin
040 _cCRL
041 _2hin
041 _ahin
084 _qCRL
100 _aराकेश तिवारी
_91133285
245 0 _aअफ़ग़ानिस्तान से ख़त-ओ-किताबत
250 _a1st
260 _bRajkamal
260 _c2021
300 _a224
856 _uhttps://ebook.indiaread.in/pdfs/9789390971381.pdf
942 _cEBOOK
999 _c1716801
_d1716801